000 00726nam a22002057a 4500
005 20240905120632.0
010 _aENG-141652
020 _a9788178243634
_c495.00
035 _aEN-125184
037 _bDBAD
082 _a320.54
_21
245 _aEcological Nationalisms:
_bNature, Livelihoods and Identities in South Asia/
_cEdited By Gunnel Cederlof [and] K. Sivaramakrishnan
250 _a1
260 _aRanikhet
_bPermanent Black
_c2012
270 _a'Himalyana' , Mall Road, Ranikhet Cantt
_bRanikhet
_e263645
_mperblack@gmail.com
300 _a399p.
_c21cm.(pb)
700 _aCederlof , Gunnel
_eEditor
_971114
700 _aSivaramakrishnan, K.
_eEditor
_971115
942 _2ddc
_cEN
_h320.54
_mNAT
_e1
999 _c205590
_d205590